000 00865cam a22002291 4500
001 BD-DhSAU 5387
003 BD-DhSAU
005 20150415141634.0
008 100728s1925 -ukaf 001 0 eng
040 _aBD-DhSAU
082 _222
_a634.96
_bBLE
100 1 _aBlake, Ernest G.
245 1 0 _aEnemies of timber :
_bdry rot and the death-watch beetle, in which the origin and life history of the two worst enemies of timber are given, with a description of the damage they cause, and the methods to be adopted for their extermination /
_cby Ernest G. Blake.
260 _aLondon :
_bChapman & Hall ltd. ,
_cc1925.
300 _axvii, 206 p.:
_bill. ;
_c22 cm.
504 _aIncludes index
590 _aIMRAN
650 0 _aAnobium punctatum.
650 0 _aWood-decaying fungi.
650 0 _aWood
_xPests. [from old catalog]
650 0 _aXestobium rufovillosum.
942 _2ddc
_cBOOK
999 _c5387
_d5387